Statistiques concernant Top 💯 prénoms féminins 👧 en France 🇫🇷 en 1991

Cliquez ici pour prendre le quiz!

Statistiques générales

  • Ce quiz a été pris 353 fois
  • Le résultat moyen est 53 sur 100

Statistiques - réponses

ClassementPrénom% Correct
#5Marie
93%
#4Julie
92%
#37Léa
87%
#60Juliette
84%
#3Laura
82%
#8Camille
80%
#63Laure
80%
#13Emilie
79%
#1Marine
79%
#7Pauline
79%
#20Sophie
79%
#35Chloé
77%
#22Manon
77%
#91Louise
76%
#19Mathilde
76%
#66Anne
75%
#24Lucie
75%
#12Sarah
75%
#48Alice
74%
#18Charlotte
74%
#52Elise
72%
#6Marion
72%
#17Justine
71%
#2Elodie
70%
#83Julia
69%
#16Amélie
68%
#14Audrey
68%
#11Aurélie
68%
#21Céline
68%
#96Clara
68%
#30Caroline
67%
#32Claire
67%
#40Clémence
66%
#79Lisa
66%
#10Mélanie
66%
#64Noémie
63%
#33Fanny
61%
#39Alexandra
60%
#9Anaïs
60%
#38Hélène
60%
#100Inès
60%
#50Sandra
60%
#36Stéphanie
60%
#47Cécile
59%
#15Amandine
58%
#98Eva
56%
#45Margaux
56%
#88Margot
56%
#82Alicia
54%
#27Jessica
54%
#69Vanessa
54%
#74Océane
53%
#49Virginie
53%
#95Clémentine
50%
#55Delphine
50%
#29Jennifer
50%
#31Laetitia
50%
#23Morgane
50%
#34Coralie
49%
#26Mélissa
49%
#51Marina
48%
#44Estelle
47%
#86Christelle
46%
#70Célia
45%
#43Charlène
45%
#93Elsa
45%
#28Adeline
44%
#41Sabrina
44%
#61Alexia
43%
#68Gaëlle
43%
#89Solène
43%
#58Sonia
43%
#92Agathe
42%
#53Maéva
42%
#25Cindy
41%
#71Emmanuelle
40%
#54Laurie
39%
#81Charline
38%
#42Aurore
36%
#62Ophélie
36%
#94Aline
33%
#56Ludivine
33%
#46Angélique
32%
#67Myriam
32%
#57Emeline
30%
#77Floriane
29%
#76Lucile
29%
#90Maud
29%
#73Johanna
28%
#75Kelly
27%
#65Deborah
22%
#59Gwendoline
22%
#85Samantha
21%
#99Tiffany
21%
#97Mélodie
20%
#80Marjorie
17%
#72Cynthia
14%
#87Mylène
13%
#84Alison
12%
#78Anne-Sophie
12%

Distribution des résultats

Percentile par nombre de réponses

% des personnes avec chaque résultat

Votre développement - résultats

Vous n’avez pas pris ce quiz